000 01121nam a2200301 4500
001 178880
003 ES-MaACL
005 20250624194543.0
008 110727s2009 sp fh |||| |dspa d
020 _a978-84-92774-58-6
080 _a929 Leonardo de Argensola, Lupercio
080 _a929 Leonardo de Argensola, Bartolomé
245 0 3 _aEl legado de los Argensola /
_cedición de Jesús Gascón Pérez.
250 _a1ª ed.
260 _aZaragoza :
_bPrensas Universitarias de Zaragoza [etc.],
_c2009.
300 _a150 p. :
_bfacs. ;
_c24 cm.
490 1 _aLarumbe : textos aragoneses
504 _aBibliografía: p. 34-39.
600 1 7 _aLeonardo de Argensola, Lupercio-
_xTestamento.
_9147430
600 1 7 _aLeonardo de Argensola, Bartolomé,
_d1562-1631-
_xTestamento
_2
_9147431
655 7 _2tgfbne
_9226495
_aFacsímiles
700 1 _aGascón Pérez, Jesús.
_9147432
830 0 _aLarumbe : textos aragoneses
_9191699
852 _aES-MaACL
_9185745
_bR.145781
_jA-11376
_dOlim: N-4380
_cDEPO1
942 _2udc
_cMONOGRAFIA
999 _c178880
_d178880